Príspevok k robustnému sledovaniu trajektórií v pohybových systémoch s premenlivou štruktúrou : Obhaj. 6.3.2012

Gespeichert in:
Bibliographische Detailangaben
1. Verfasser: Kardoš, Ján, 1953- (Verfasst von)
Format: Manuskript Buch
Sprache:Slowakisch
Veröffentlicht: Bratislava : FEI STU, 2011
Tags: Tag hinzufügen
Keine Tags, Fügen Sie das erste Tag hinzu!

MARC

LEADER 00000ntm a22000003a 4500
001 stu244827
005 20150617230156.8
008 120322s2011----xo------------------slo-d
040 |a STU  |b slo 
041 0 |a slo 
044 |a xo 
100 1 |a Kardoš, Ján,  |d 1953-  |4 aut  |u E010  |T FEI Ústav riadenia a priemyselnej informatiky  |X 4935  |U E010  |Y E010  |7 A000004935 
245 1 |a Príspevok k robustnému sledovaniu trajektórií v pohybových systémoch s premenlivou štruktúrou :  |b Obhaj. 6.3.2012 
260 |a Bratislava :  |b FEI STU,  |c 2011 
300 |a 72 s 
996 |b 284ED01358  |c E*ZP-222  |l EE01  |s A  |a 24  |w stu244827_0001